| 000 | 02438nam a2200301 a 4500 | ||
|---|---|---|---|
| 001 | vtls003113691 | ||
| 003 | MY-SjTCS | ||
| 005 | 20200226120920.0 | ||
| 008 | 110218r2008 xxu 000 0 eng d | ||
| 020 | _a9780073515168 (pbk.) | ||
| 020 | _a0073515167 (pbk.) | ||
| 039 | 9 |
_a201102181634 _bVLOAD _c201102181236 _dVLOAD _c200810291455 _dmas _c200807031130 _dpatrick _y200806241120 _zshahriman |
|
| 082 | 0 | 4 |
_a373 _bTAK |
| 245 | 0 | 0 |
_aTaking sides. _pClashing views in teaching and educational practice / _cselected, edited, and with introductions by Dennis L. Evans |
| 246 | 3 | 0 | _aClashing views in teaching and educational practice |
| 246 | 3 | 0 | _aTeaching and educational practice |
| 250 | _a3rd ed | ||
| 260 |
_aDubuque, IA : _bMcGraw-Hill/Dushkin, _cc2008 |
||
| 300 |
_axxvi, 362 p. : _bill. ; _c24 cm |
||
| 440 | 0 |
_aTaking sides _929656 |
|
| 504 | _aIncludes bibliographical references | ||
| 505 | 0 | _aIs it time for national standards in education? -- Is home schooling a good idea? -- Has the Middle School concept failed? -- Should religious content and concepts be more evident in our schools? -- Is drug testing of students a justifiable practice? -- Have charter schools fulfilled their promises? -- Has the "No Child Left Behind" legislation created good educational policy? -- Should school discipline policies be stricter and include "Zero Tolerance" provisions? -- Can large high schools provide a quality education? -- Should the teaching of American History focus on a critique of past events and individuals? -- Should comprehensive sexuality education be taught in public schools? -- Do single-sex classrooms and schools provide a better learning environment? -- Is grade inflation a problem? -- Does homework serve useful purposes? -- Does participation in sports provide positive benefits to youth? -- Will increased use of computer technology and games be beneficial to students? -- Is the practice of providing accommodations to children in special education a good idea? -- Are character/moral education programs effective? | |
| 650 | 0 |
_aEducation, Secondary _zUnited States |
|
| 650 | 0 |
_aEducation _xSocial aspects _927335 |
|
| 650 | 0 |
_aEducation _zUnited States _98951 |
|
| 700 | 1 |
_aEvans, Dennis L _990664 |
|
| 920 | _aADP : 900474 | ||
| 999 | _c173044 | ||